000 00887nam a22003017a 4500
001 BR7800890
003 BR-BrBNA
005 20230928085528.0
007 ta
008 230509b bl.||||| |||| 00| 0 por d
040 _aBR-BrBNA
_bpor
_cBiblioteca Nacional de Agricultura
041 _a(Por)
072 _aF28
_b/G514
090 _ F28 BR7800890
100 1 _aPundek, M.
110 1 _aAssociacao de Credito e Assistencia Rural de Santa Catarina, Florianopolis (Brasil)
245 1 _aO terraceamento como pratica de controle a erosao [Santa Catarina, Brasil]
260 3 _aFlorianopolis, SC (Brasil):
_c1976.
300 _a29 p.
500 _a13 tables; 6 illus.
650 _aEROSAO DO SOLO
650 _aCONSERVACAO DO SOLO
650 _aRECUPERACAO DO SOLO
650 _aTERRACO
650 _aSANTA CATARINA
909 _a202309
_bLucia
_c55
_dLucia Elande
942 _cBK
999 _c24936
_d24936